Ohlas slovenského povstania 1848 - 1849 v súdobom výtvarnom umení

Bibliographic Details
Main Author: Petrová-Pleskotová, Anna, 1930-2008 (Author)
Format: Article
Language:Slovak

MARC

LEADER 00000nab a2200000ua 4500
001 vtls010799669
003 SK-MaSNL
005 20260303120332.0
008 230131s1971 xo |||||||||||||||||slo|
035 |a (urnnbn)urn:nbn:sk:snk:ar-a01ixb 
035 |a (uuid)79e08d94-632f-4612-a846-de962d5aa67b 
035 |a urn:nbn:sk:snk-ab4ejy 
040 |a SNKBUCL  |b slo  |c SNKBUCL  |e AACR2 
041 0 |a slo 
044 |a xo  |c SK 
100 1 |a Petrová-Pleskotová, Anna,  |d 1930-2008  |4 aut  |9 206176 
245 1 0 |a Ohlas slovenského povstania 1848 - 1849 v súdobom výtvarnom umení  |c Anna Petrová-Pleskotová 
773 0 |t Vlastivedný časopis : časopis pre vlastivednú prácu, kultúrnu históriu, pamiatky a múzeá  |g Roč. 20, č. 3 (1971), s. 114-120 
954 |a odborná, vedecká literatúra pôvodná (slovenská)  |2 lita 
958 |a OND 
958 |a EUIPO 
958 |a article3 
999 |c 1908983  |d 1910913